000 01015cam a2200349 a 4500
001 6413
003 FISKH
005 20250429104344.0
008 101025s2011 nyua a 000 1 eng
010 _a 2010040333
020 _a9780805090932 (hc)
020 _a9780805090932
040 _aDLC
_cDLC
_dDLC
_beng
042 _alcac
050 0 0 _aPZ7.M11158 A
082 _a428.1
100 1 _aMaass, Robert.
245 1 0 _aA is for autumn /
_cRobert Maass.
250 _aFirst Scholastic printing, September 2012
260 _aNew York :
_bScholastic,
_c2011.
300 _a32 unnumbered pages :
_bcolor illustrations ;
_c24 cm
500 _a"Christy Ottaviano books."
505 _aN
520 _aPhotographs and simple text present a variety of things seen in the fall.
521 8 _a560
_bLexile AD
521 8 _aN
_bRaz-Plus
650 1 _aAutumn
_vFiction.
650 1 _aAlphabet.
906 _a7
_bcbc
_corignew
_d1
_eecip
_f20
_gy-gencatlg
942 _2ddc
_cBK
_n0
999 _c6413
_d6413